Online
Catalog

El hallazgo del Río de la Plata por Amerigo Vespucci en 1502 / (Record no. 7107)

MARC details
000 -CABECERA
campo de control de longitud fija 01188cam a2200277 a 4500
001 - NÚMERO DE CONTROL
campo de control 000007326
003 - IDENTIFICADOR DEL NÚMERO DE CONTROL
campo de control DO-SdBNP
005 - FECHA Y HORA DE LA ÚLTIMA TRANSACCIÓN
campo de control 20250318151528.0
008 - DATOS DE LONGITUD FIJA--INFORMACIÓN GENERAL
campo de control de longitud fija 830725s1982 uy ad b f000 0 spa
040 ## - FUENTE DE LA CATALOGACIÓN
Centro catalogador/agencia de origen DO-SdBNP
Lengua de catalogación spa
Centro/agencia transcriptor DLC
Centro/agencia modificador DLC
-- BNPHU
049 ## - FONDOS LOCALES (OCLC)
Fondos de biblioteca BNGR
082 ## - NÚMERO DE LA CLASIFICACIÓN DECIMAL DEWEY
Número de clasificación 982.01
Número de documento/Ítem L181h
100 1# - ENTRADA PRINCIPAL--NOMBRE DE PERSONA
Nombre de persona Laguarda Trías, Rolando A,
Fechas asociadas al nombre 1902-1998.
9 (RLIN) 20367
245 13 - MENCIÓN DE TÍTULO
Título El hallazgo del Río de la Plata por Amerigo Vespucci en 1502 /
Mención de responsabilidad, etc. Rolando A. Laguarda Trías.
260 ## - PUBLICACIÓN, DISTRIBUCIÓN, ETC.
Lugar de publicación, distribución, etc. Montevideo, (Uruguay) :
Nombre del editor, distribuidor, etc. Academia Nacional de Letras,
Fecha de publicación, distribución, etc. 1982.
300 ## - DESCRIPCIÓN FÍSICA
Extensión 252 p. :
Otras características físicas il., tab. ;
Dimensiones 24 cm.
490 1# - MENCIÓN DE SERIE
Mención de serie Biblioteca de la Academia Nacional de Letras
Designación de volumen o secuencia 3
Mención de serie Escritos
504 ## - NOTA DE BIBLIOGRAFÍA, ETC.
Nota de bibliografía, etc. Incluye referencias bibliográficas.
600 14 - PUNTO DE ACCESO ADICIONAL DE MATERIA--NOMBRE DE PERSONA
Nombre de persona VESPUCCI, AMERIGO,
Fechas asociadas al nombre 1451-1512
9 (RLIN) 20370
651 #4 - PUNTO DE ACCESO ADICIONAL DE MATERIA--NOMBRE GEOGRÁFICO
Nombre geográfico Argentina
Subdivisión general Descubrimiento y exploración
Subdivisión cronológica 1502
9 (RLIN) 20368
651 #4 - PUNTO DE ACCESO ADICIONAL DE MATERIA--NOMBRE GEOGRÁFICO
Nombre geográfico Rio De La Plata (Argentina Y Uruguay{Rpara}
Subdivisión general Descubrimiento Y Exploración
Subdivisión cronológica 1502
9 (RLIN) 20369
651 #0 - PUNTO DE ACCESO ADICIONAL DE MATERIA--NOMBRE GEOGRÁFICO
Nombre geográfico América --
Subdivisión general Descubrimiento y exploración --
-- Españoles
9 (RLIN) 544
Subdivisión de forma Ensayo, conferencias, etc.
830 #0 - PUNTO DE ACCESO ADICIONAL DE SERIE-TÍTULO UNIFORME
Título uniforme Biblioteca de la Academia Nacional de Letras ;
Designación de volumen o secuencia 3,
Nombre de parte o sección de la obra Escritos
9 (RLIN) 20371
910 ## - DATOS DE OPCIÓN DEL USUARIO (OCLC)
Datos de opción del usuario Catalogación por copia / LC
942 ## - ELEMENTOS DE PUNTO DE ACCESO ADICIONAL (KOHA)
Fuente del sistema de clasificación o colocación Dewey Decimal Classification
Tipo de ítem Koha Libro
Holdings
Estado de retiro Estado de pérdida Restricciones de uso No para préstamo Código de colección Localización permanente Ubicación/localización actual Ubicación en estantería Fecha de adquisición Número de inventario Total de préstamos Signatura topográfica completa Código de barras Fecha visto por última vez Precio válido a partir de Tipo de ítem Koha
    Préstamo interno   Monografías: Libros y Folletos General General En catalogación 07.09.2009 LF1   982.01 L181h 7326-10 25.06.2020 25.06.2020 Préstamo interno

Powered by Koha